Az Amerikai Egyesült Államok
Elmentve itt :
| További közreműködők: | |
|---|---|
| Dokumentumtípus: | Könyv része |
| Megjelent: |
2014
|
| Sorozat: | Documenta Historica
Matthew Calbraith Perry 1853-54-es expedíciója Japánban |
| Kulcsszavak: | Matthew Calbraith Perry, Külkapcsolatok - USA-Japán - 1853-1854, Japán története - 19. sz. - forrás |
| Tárgyszavak: | |
| Online Access: | http://acta.bibl.u-szeged.hu/35033 |
| LEADER | 00799naa a2200217 i 4500 | ||
|---|---|---|---|
| 001 | acta35033 | ||
| 005 | 20211208145238.0 | ||
| 008 | 161017s2014 hu o 0|| hun d | ||
| 022 | |a 1216-0954 | ||
| 040 | |a SZTE Egyetemi Kiadványok Repozitórium |b hun | ||
| 041 | |a hun | ||
| 245 | 0 | 3 | |a Az Amerikai Egyesült Államok |h [elektronikus dokumentum] |
| 260 | |c 2014 | ||
| 300 | |a 8-9 | ||
| 490 | 0 | |a Documenta Historica | |
| 490 | 0 | |a Matthew Calbraith Perry 1853-54-es expedíciója Japánban | |
| 650 | 4 | |a Bölcsészettudományok | |
| 650 | 4 | |a Történettudomány és régészet | |
| 695 | |a Matthew Calbraith Perry, Külkapcsolatok - USA-Japán - 1853-1854, Japán története - 19. sz. - forrás | ||
| 700 | 0 | 1 | |a Nagy Dávid |
| 856 | 4 | 0 | |u http://acta.bibl.u-szeged.hu/35033/1/doc_091_008-009.pdf |z Dokumentum-elérés |